Normal view
MARC view
- U.G.A. Isani, Muhammad Latif Virk
Entry Personal Name
001 - CONTROL NUMBER
- control field: 134424
003 - CONTROL NUMBER IDENTIFIER
- control field: NUST
005 - DATE AND TIME OF LATEST TRANSACTION
- control field: 20260512154443.0
008 - FIXED-LENGTH DATA ELEMENTS
- fixed length control field: 260512|| aca||aabn | a|a d
040 ## - CATALOGING SOURCE
- Original cataloging agency: NUST
- Transcribing agency: NUST
100 ## - HEADING--PERSONAL NAME
- Personal name: U.G.A. Isani, Muhammad Latif Virk
670 ## - SOURCE DATA FOUND
- Source citation: Work cat.: (NUST): U.G.A. Isani, Muhammad Latif Virk., Manual of University Laws in Pakistan, 2006
